• 首页
  • 本馆介绍
  • 公告通知
  • 最新文献
  • 馆藏检索
  • 电子资源
  • 读者导购
  • 参考咨询
  • 我的图书馆
  • 登录
  • 详细信息显示
  • 放入我的书架
  • 预约/预借图书
  • 作者相关作品
  • 分类相关作品
  • 丛书相关作品
  • 出版社相关作品

书目信息

  • 表格格式
  • 工作单格式
  • 卡片格式
题名:
菲律宾史稿
    
 
作者: ;广东省第一汽车制配厂工人理论小组 , 中山大学历史系东南亚历史研究小组 编著
分册:  
出版信息: 北京   商务印书馆  1977.04
页数: 176页
开本: 19cm
丛书名:
单 册:
中图分类: K341.0
科图分类:
主题词: 亚洲--历史
电子资源:
ISBN:
000 00791nam0 2200217 45
001 0212161491
005 20060801102635.45
010    @dCNY0.45
091    @a11017.386
100    @a20021216d1977 km y0chiy0120 ea
101 0  @achi
200 1  @a菲律宾史稿@AFei Lu Bin Shi Gao@f广东省第一汽车制配厂工人理论小组,中山大学历史系东南亚历史研究小组编著@FGuang Dong Sheng Di Yi Qi Che Zhi Pei Chang Gong Ren Li Lun Xiao Zu,Zhong Shan Da Xue Li Shi Xi Dong Nan Ya Li Shi Yan Jiu Xiao Zu Bian Zhu
210    @a北京@c商务印书馆@d1977.04
215    @a176页@d19cm
306    @a内部发行
606 0  @a亚洲@x历史
690    @aK341.0@v3
711 02 @a广东省第一汽车制配厂工人理论小组@4编著
711 02 @a中山大学历史系东南亚历史研究小组@4编著
801    @aCN@bTSTC@c20060801
905    @f1@b219213@dK341.0@e4
    
    菲律宾史稿/广东省第一汽车制配厂工人理论小组,中山大学历史系东南亚历史研究小组编著.-北京:商务印书馆,1977.04
    176页;19cm
    
    
    ISBN :CNY0.45
    
●
相关链接 在E读中查询图书 在五车中查询图书 在当当中查询图书 在豆瓣中查询图书


正题名:菲律宾史稿     索取号:K341.0/4         预约/预借

序号 登录号 条形码 馆藏地/架位号 状态 备注
1 0219213   001737099   第二样本阅览室/ [索取号:K341.0/4] 在馆    
2 0444067   204440676   密集书库/ [索取号:K341.0/4] 在馆    
3 0472019   204720196   密集书库/ [索取号:K341.0/4] 在馆    
唐山师范学院图书馆 欢迎您!
大连网信软件有限公司© 版权所有